[Event "Santo Domingo op U2100 2nd"]
[Site "Santo Domingo"]
[Date "2015.06.27"]
[Round "6"]
[White "Mojica Castillo, Jose Manuel"]
[Black "Ozuna Ozuna, Daniel A"]
[Result "0-1"]
[WhiteElo "1706"]
[BlackElo "1743"]
[PlyCount "70"]
[EventDate "2015.06.19"]
[EventType "swiss"]
[EventRounds "8"]
[EventCountry "DOM"]
[SourceTitle "CBM 167 Extra"]
[Source "ChessBase"]
[SourceDate "2015.09.14"]
[SourceVersion "1"]
[SourceVersionDate "2015.09.14"]
[SourceQuality "1"]

1. d4 d5 2. c4 e6 3. Nf3 Nf6 4. Bg5 Be7 5. Nc3 b6 6. Bxf6 Bxf6 7. cxd5 exd5 8. e3 0-0 9. Qc2 c5 10. dxc5 bxc5 11. Rd1 Be6 12. Qd2 Bxc3 13. Qxc3 Qb6 14. b3 Nc6 15. Be2 Qb4 16. Qxb4 Nxb4 17. Rd2 c4 18. bxc4 dxc4 19. a3 c3 20. Rd1 Nc2+ 21. Kf1 Nxa3 22. Bd3 c2 23. Rc1 Rab8 24. Bxc2 Bc4+ 25. Ke1 Nxc2+ 26. Rxc2 Rb1+ 27. Kd2 Rxh1 28. Rxc4 Rd8+ 29. Kc2 Rf1 30. Rg4 Rxf2+ 31. Kc3 Re8 32. Kd3 f5 33. Rg5 g6 34. Nd4 Re4 35. Rg3 Rg4 0-1